[Event "Girona-ch Seniors"]
[Site "Girona"]
[Date "2020.02.18"]
[Round "3.9"]
[White "Recio Romaguera, Enric"]
[Black "Alsina Carreras, Eva"]
[Result "0-1"]
[WhiteElo "1562"]
[BlackElo "1278"]
[PlyCount "94"]
[EventDate "2020.02.04"]
[EventType "swiss"]
[EventRounds "6"]
[EventCountry "ESP"]
[SourceTitle "EXT 2024"]
[Source "ChessBase"]
[SourceDate "2023.10.10"]
[SourceVersion "1"]
[SourceVersionDate "2023.10.10"]
[SourceQuality "1"]

1. d4 d5 2. c4 c6 3. e3 Nf6 4. Nc3 Bf5 5. c5 e6 6. Nf3 h6 7. b4 a6 8. a4 Nbd7 9. Bb2 Be7 10. a5 0-0 11. h3 Qc7 12. Bd3 Bxd3 13. Qxd3 Nh7 14. Ne2 Ndf6 15. Ng3 Nd7 16. 0-0 f5 17. Nh5 Nhf6 18. Nf4 Kf7 19. Ne5+ Nxe5 20. dxe5 Ne4 21. Qe2 g6 22. f3 Ng3 23. Qf2 Nxf1 24. Kxf1 g5 25. Nd3 Rh8 26. g4 fxg4 27. fxg4+ Kg8 28. Ke2 Rf8 29. Qg2 Bd8 30. Rf1 Rxf1 31. Qxf1 Qf7 32. Qxf7+ Kxf7 33. Ne1 h5 34. Kf3 hxg4+ 35. Kxg4 Rh4+ 36. Kg3 Rxb4 37. Bc3 Ra4 38. Nf3 Ra3 39. Bd4 Rxa5 40. Nh2 Ra2 41. Nf3 a5 42. Ne1 a4 43. Nd3 Rd2 44. Nc1 Rd1 45. Ne2 a3 46. Kf3 a2 47. Nc1 Rxd4 0-1

[Event "Girona-ch"]
[Site "Blanes"]
[Date "2015.??.??"]
[Round "5"]
[White "Blasco Vidal, Joan"]
[Black "Recio Romaguera, Enric"]
[Result "1/2-1/2"]
[WhiteElo "1813"]
[BlackElo "1647"]
[PlyCount "60"]
[EventDate "2015.09.27"]
[EventType "swiss"]
[EventRounds "9"]
[EventCountry "ESP"]
[SourceTitle "EXT 2017"]
[Source "ChessBase"]
[SourceDate "2016.10.25"]
[SourceVersion "1"]
[SourceVersionDate "2016.10.25"]
[SourceQuality "1"]

1. e4 e5 2. f4 d5 3. exd5 Qxd5 4. Qe2 Nc6 5. Nc3 Qe6 6. fxe5 Qxe5 7. Qxe5+ Nxe5 8. d4 Nc6 9. Be3 Bd6 10. Bb5 a6 11. Bd3 Nge7 12. a3 0-0 13. Nf3 Bf5 14. 0-0-0 Bxd3 15. Rxd3 Nf5 16. Bf2 Rfe8 17. g4 Nh6 18. h3 f6 19. Rg1 Nf7 20. h4 Rad8 21. Bg3 b5 22. Bxd6 Rxd6 23. g5 fxg5 24. hxg5 g6 25. Rg4 Kg7 26. Re4 Rxe4 27. Nxe4 Rd8 28. Nc5 Rd6 29. Nxa6 Nxd4 30. Rxd4 Rxa6 1/2-1/2

[Event "Girona-ch"]
[Site "Blanes"]
[Date "2015.??.??"]
[Round "2"]
[White "Boix Gravolosa, Josep M"]
[Black "Recio Romaguera, Enric"]
[Result "1-0"]
[WhiteElo "1817"]
[BlackElo "1647"]
[PlyCount "145"]
[EventDate "2015.09.27"]
[EventType "swiss"]
[EventRounds "9"]
[EventCountry "ESP"]
[SourceTitle "EXT 2017"]
[Source "ChessBase"]
[SourceDate "2016.10.25"]
[SourceVersion "1"]
[SourceVersionDate "2016.10.25"]
[SourceQuality "1"]

1. e4 e5 2. Nf3 Nc6 3. Bc4 Nf6 4. Nc3 Bc5 5. d3 h6 6. Be3 Bxe3 7. fxe3 d6 8. 0-0 0-0 9. a3 a6 10. Qe1 Qe7 11. Nh4 Be6 12. Nd5 Bxd5 13. exd5 Na7 14. Nf5 Qd8 15. Rf3 Kh7 16. e4 g6 17. Ng3 Qe7 18. Qf2 Ng4 19. Qf1 h5 20. h3 Nh6 21. Qf2 Rg8 22. Rf1 Nb5 23. c3 b6 24. a4 Na7 25. Bxa6 Raf8 26. a5 h4 27. Ne2 f5 28. axb6 cxb6 29. Qxb6 Rb8 30. Qf2 Rxb2 31. Bc4 Nb5 32. Bxb5 Rxb5 33. Ra1 Rb2 34. Ra7 Rb1+ 35. Kh2 Rb7 36. Rxb7 Qxb7 37. Qxh4 Qg7 38. g4 fxg4 39. hxg4 g5 40. Qh3 Rf8 41. Rf5 Kg8 42. Rxf8+ Qxf8 43. Qg2 Qf6 44. Kg3 Nf7 45. Qf3 Qh6 46. Kg2 Qh4 47. Qh3 Qe1 48. Qf3 Qd2 49. Kf2 Qb2 50. Qe3 Qc2 51. c4 Kf8 52. Kf3 Qd1 53. Kg2 Qc2 54. Kf2 Kg7 55. d4 Qxc4 56. dxe5 dxe5 57. Ng3 Qc2+ 58. Qe2 Qc5+ 59. Kg2 Kg6 60. Nf5 Qa3 61. Qd2 Qa4 62. Qd3 Qa2+ 63. Kf3 Qa1 64. Ng3 Nd6 65. Qb3 Qc1 66. Qe3 Qd1+ 67. Ne2 Qf1+ 68. Qf2 Qxf2+ 69. Kxf2 Nxe4+ 70. Ke3 Nd6 71. Nc3 Kf6 72. Ne4+ Nxe4 73. Kxe4 1-0